[Event "British Columbia-ch U20"]
[Site "Vancouver"]
[Date "2013.11.10"]
[Round "4"]
[White "Herdin, Matthew"]
[Black "Cao, Jason"]
[Result "0-1"]
[WhiteElo "2203"]
[BlackElo "2295"]
[PlyCount "110"]
[EventDate "2013.11.08"]
[EventType "swiss"]
[EventRounds "5"]
[EventCountry "CAN"]
[SourceTitle "EXT 2015"]
[Source "ChessBase"]
[SourceDate "2014.11.20"]
[SourceVersion "1"]
[SourceVersionDate "2014.11.20"]
[SourceQuality "1"]

1. d4 Nf6 2. c4 e6 3. Nc3 Bb4 4. e3 0-0 5. Bd3 d5 6. Nf3 b6 7. 0-0 Bb7 8. cxd5 exd5 9. Ne5 Nbd7 10. f4 Bd6 11. Qf3 Qe7 12. a3 a6 13. Bd2 c5 14. g4 h6 15. Nxd7 Qxd7 16. g5 hxg5 17. fxg5 Ne4 18. Nxe4 dxe4 19. Bxe4 Bxe4 20. Qxe4 Rfe8 21. Qg2 cxd4 22. exd4 Rad8 23. Rf2 Bc7 24. Bc3 Re3 25. Raf1 Rh3 26. Qe4 Re8 27. Qf5 Qxf5 28. Rxf5 Re2 29. R1f2 Bxh2+ 30. Kg2 Rxf2+ 31. Rxf2 Rh4 32. Rf5 Bd6 33. Rd5 Be7 34. Bd2 Kf8 35. Kf3 Rh2 36. Ke3 Ke8 37. Kd3 g6 38. a4 Rf2 39. b3 Rf3+ 40. Kc2 Rg3 41. a5 b5 42. Rxb5 Rg2 43. Rd5 Bb4 44. Kd3 Rxd2+ 45. Kc4 Be7 46. Re5 Kd7 47. b4 Bd6 48. Re3 Rb2 49. Rb3 Rxb3 50. Kxb3 Kc6 51. Kc4 Bf4 52. d5+ Kd6 53. Kd4 Bxg5 54. b5 axb5 55. a6 Bd8 0-1

[Event "British Columbia op"]
[Site "Richmond"]
[Date "2013.02.11"]
[Round "5"]
[White "Kenney, Jason"]
[Black "Herdin, Matthew"]
[Result "1/2-1/2"]
[WhiteElo "2250"]
[BlackElo "1976"]
[PlyCount "69"]
[EventDate "2013.02.09"]
[EventType "swiss"]
[EventRounds "5"]
[EventCountry "CAN"]
[SourceTitle "EXT 2014"]
[Source "ChessBase"]
[SourceDate "2013.11.20"]
[SourceVersion "1"]
[SourceVersionDate "2013.11.20"]
[SourceQuality "1"]

1. d4 Nf6 2. c4 g6 3. Nc3 d5 4. Bf4 Bg7 5. e3 0-0 6. Rc1 dxc4 7. Bxc4 c5 8. dxc5 Qa5 9. Nf3 Qxc5 10. Bb3 Nc6 11. 0-0 Rd8 12. Qe2 Bg4 13. h3 Bxf3 14. Qxf3 Qa5 15. Rfd1 e6 16. g4 Rxd1+ 17. Rxd1 Rd8 18. Rxd8+ Nxd8 19. e4 Nc6 20. Qd3 a6 21. Kg2 Qd8 22. Qxd8+ Nxd8 23. Bc7 Nc6 24. f4 Ne8 25. Bb6 Bd4 26. Na4 Bxb6 27. Nxb6 Kf8 28. Nd7+ Ke7 29. Nc5 Na5 30. Bc2 Nc7 31. Bd3 e5 32. fxe5 Ne6 33. Nxe6 Kxe6 34. Kf3 Kxe5 35. Ke3 1/2-1/2

[Event "Britsh Columbia-ch U20"]
[Site "Vancouver"]
[Date "2012.12.01"]
[Round "2.1"]
[White "Lo, Ryan"]
[Black "Herdin, Matthew"]
[Result "1-0"]
[WhiteElo "2217"]
[BlackElo "1972"]
[PlyCount "99"]
[EventDate "2012.12.01"]
[EventType "swiss"]
[EventRounds "5"]
[EventCountry "CAN"]
[SourceTitle "EXT 2022"]
[Source "ChessBase"]
[SourceDate "2021.10.06"]
[SourceVersion "1"]
[SourceVersionDate "2021.10.06"]
[SourceQuality "1"]

1. d4 Nf6 2. c4 g6 3. Nc3 Bg7 4. e4 d6 5. f3 0-0 6. Be3 Nc6 7. Qd2 e5 8. Nge2 a6 9. d5 Na5 10. Nc1 b6 11. b4 Nb7 12. Nb3 a5 13. a3 Nh5 14. Rc1 f5 15. Rc2 axb4 16. axb4 Bd7 17. exf5 Bxf5 18. Bd3 Ra3 19. Nc1 Bxd3 20. Qxd3 b5 21. Qd2 bxc4 22. Ne4 Nf4 23. Bxf4 Rxf4 24. Rxc4 Bh6 25. Qc2 Ra1 26. 0-0 Rf7 27. Nd3 Be3+ 28. Ndf2 Rxf1+ 29. Kxf1 h5 30. Qa4 Qe7 31. h3 Kg7 32. Qc2 Nd8 33. Ke2 Bb6 34. g3 Rf8 35. h4 Nf7 36. Nh3 Ra8 37. Neg5 Nd8 38. g4 hxg4 39. Rxg4 Qf6 40. h5 Ra3 41. Qxg6+ Qxg6 42. hxg6 Bd4 43. Ne6+ Nxe6 44. dxe6 Ra8 45. f4 exf4 46. Nxf4 Be5 47. Nh5+ Kh6 48. g7 Rg8 49. e7 Kh7 50. Kd3 1-0

[Event "Langley Labour Day op"]
[Site "Langley"]
[Date "2011.09.04"]
[Round "3.3"]
[White "Herdin, Matthew"]
[Black "Pechisker, Alfred"]
[Result "0-1"]
[WhiteElo "1633"]
[BlackElo "2265"]
[PlyCount "80"]
[EventDate "2011.09.03"]
[EventType "swiss"]
[EventRounds "6"]
[EventCountry "CAN"]
[SourceTitle "EXT 2022"]
[Source "ChessBase"]
[SourceDate "2021.10.06"]
[SourceVersion "1"]
[SourceVersionDate "2021.10.06"]
[SourceQuality "1"]

1. e4 c5 2. Nc3 Nc6 3. g3 g6 4. Bg2 Bg7 5. Nge2 d6 6. d3 Nf6 7. 0-0 h5 8. Bf4 h4 9. gxh4 Rxh4 10. Bg3 Rh8 11. Nf4 Bg4 12. f3 Bd7 13. Rb1 Qa5 14. Ncd5 g5 15. Nxf6+ Bxf6 16. Nd5 Bd4+ 17. Kh1 e6 18. c3 Be5 19. Bxe5 Nxe5 20. Nf6+ Ke7 21. Nxd7 Nxd7 22. f4 Rag8 23. f5 e5 24. d4 cxd4 25. cxd4 Rh4 26. f6+ Nxf6 27. Qf3 Rg6 28. Rbc1 Rgh6 29. b4 Rxh2+ 30. Kg1 Qb6 31. Rc4 exd4 32. Rfc1 d3+ 33. Kf1 Ne8 34. Qxd3 Rf6+ 35. Ke1 Rxg2 36. Qd4 Rg1+ 37. Kd2 Qxd4+ 38. Rxd4 Rxc1 39. Kxc1 Rf2 40. Kb1 g4 0-1

[Event "CAN-ch U12"]
[Site "Victoria"]
[Date "2009.07.22"]
[Round "5"]
[White "Herdin, Matthew"]
[Black "Lo, Ryan"]
[Result "1/2-1/2"]
[WhiteElo "1480"]
[BlackElo "1615"]
[PlyCount "70"]
[EventDate "2009.07.21"]
[EventType "swiss"]
[EventRounds "7"]
[EventCountry "CAN"]
[SourceTitle "EXT 2011"]
[Source "ChessBase"]
[SourceDate "2010.11.26"]
[SourceVersion "1"]
[SourceVersionDate "2010.11.26"]
[SourceQuality "1"]

1. b3 b6 2. Bb2 Bb7 3. e3 e6 4. Nf3 c5 5. Be2 d5 6. d4 Nd7 7. 0-0 Ngf6 8. c4 Be7 9. Nc3 0-0 10. Rc1 Rc8 11. Ne5 Nxe5 12. dxe5 Ne4 13. Bf3 Nxc3 14. Bxc3 Rc7 15. Qe2 d4 16. Rfd1 Bxf3 17. Qxf3 Rd7 18. exd4 cxd4 19. Bb2 Bc5 20. Rd3 f6 21. Qe4 fxe5 22. Qxe5 Qf6 23. Qxf6 gxf6 24. Re1 e5 25. f3 a5 26. g4 Rff7 27. a3 h5 28. h4 a4 29. Kh2 Rh7 30. g5 fxg5 31. hxg5 Rde7 32. Re4 Rhg7 33. Bc1 Kh7 34. Kh3 Kg6 35. Kh4 Rgf7 1/2-1/2

[Event "CAN-ch U12"]
[Site "Victoria"]
[Date "2009.07.21"]
[Round "1"]
[White "Herdin, Matthew"]
[Black "Lai, Jingzhou"]
[Result "0-1"]
[WhiteElo "1480"]
[BlackElo "1773"]
[PlyCount "98"]
[EventDate "2009.07.21"]
[EventType "swiss"]
[EventRounds "7"]
[EventCountry "CAN"]
[SourceTitle "EXT 2011"]
[Source "ChessBase"]
[SourceDate "2010.11.26"]
[SourceVersion "1"]
[SourceVersionDate "2010.11.26"]
[SourceQuality "1"]

1. d4 f5 2. Nf3 Nf6 3. e3 e6 4. Bd3 Be7 5. 0-0 0-0 6. c4 d5 7. b3 c6 8. Bb2 Bd7 9. Qc2 Ne4 10. Bxe4 fxe4 11. Ne5 Be8 12. f3 exf3 13. Rxf3 Rxf3 14. Nxf3 Bg6 15. Qe2 c5 16. Nc3 Nc6 17. Rd1 cxd4 18. exd4 Qd7 19. cxd5 exd5 20. Ne5 Nxe5 21. Qxe5 Rd8 22. Nxd5 Bd6 23. Qg5 Bxh2+ 24. Kxh2 Qxd5 25. Qxd5+ Rxd5 26. Re1 Rd7 27. Re8+ Kf7 28. Rb8 Be4 29. Rc8 Bc6 30. a4 Rd5 31. Bc3 Rh5+ 32. Kg1 Rg5 33. Rc7+ Ke6 34. Bb4 Rxg2+ 35. Kf1 Rg4 36. Re7+ Kf6 37. Re3 Rf4+ 38. Ke2 Re4 39. Rxe4 Bxe4 40. Kd2 Bd5 41. Bc5 a6 42. b4 Bc6 43. a5 Kf5 44. Ke2 h5 45. Kf2 h4 46. Kg1 Kg4 47. Kh2 Kf3 48. Be7 Kg4 49. Bc5 Kh5 0-1